| 000 | 01145nam a22003137a 4500 | ||
|---|---|---|---|
| 003 | CHAP | ||
| 005 | 20220329133351.0 | ||
| 008 | 971013s1991 r 00010 d | ||
| 010 | _a5518 | ||
| 011 | _a6490 | ||
| 035 | _a5710 | ||
| 040 | _cCHAP | ||
| 100 | 0 | 0 |
_aVinueza Galárraga, Sylvia Elena. _9119884 |
| 245 | _aGuía para el manejo, procesamiento y utilización de abonos orgánicos en viveros escolares | ||
| 260 |
_aChapingo, Méx. : _bEl Autor, _c1991 |
||
| 300 | _a90 h. | ||
| 500 | _a58-54 | ||
| 500 | _aTesina (Diplomado sobre Protección y Mejoramiento del Ambiente en América Latina) -- UACH. Curso Internacional para Postgraduados sobre Protección y Mejoramiento del Ambiente en América Latina | ||
| 590 |
_aBATCH-UPD _b10 _c20130110 _lUCH01 _h1419 |
||
| 590 |
_aBATCH-UPD _b10 _c20130410 _lUCH01 _h0902 |
||
| 590 |
_aBATCH-UPD _b10 _c20130914 _lUCH01 _h2105 |
||
| 590 |
_aCONVERSION _b10 _c20130109 _lUCH01 _h1304 |
||
| 650 | 1 | 4 |
_aAbonos. _9235 |
| 650 | 1 | 4 |
_aViveros. _9120096 |
| 901 | _aBK | ||
| 942 | _cFOLL | ||
| 949 |
_bBC _cTES _d-15302 _eTS1 _h24940 _i5710 _si |
||
| 949 |
_bBC _cTES _d33724000598736 _eTS2 _fc.2 _h24941 _i5710 _si |
||
| 999 |
_c5518 _d5518 |
||